000 04050nkm0a2200481 4500
001 RU\NLR\BIBL_A\011173625
005 20250806204551.0
020 _aRU
_b1010 (1941-[XVIII])
_9Ленинград в Великой Отечественной войне : Печать Ленинграда. 1941-1945 : каталог изд., хранящихся в фондах Гос. Публ. б-ки. Вып. 2. Листовки, плакаты, открытки, альбомы / [сост. И.В. Разова, Ю.А. Фельдман, Е.М. Тепер и др.] ; М-во культуры РСФСР. Гос. Публ. б-ка им. М.Е. Салтыкова-Щедрина. - Ленинград, 1972
020 _aRU
_b34
_9Ленинградские "Окна ТАСС" 1941-1945 : из собрания Отдела эстампов Российской национальной библиотеки : иллюстрированный каталог / Рос. нац. б-ка ; [сост.: М. Ю. Мельникова и др. ; авт. вступ. ст. и биогр. материалов: И. В. Селиванова]. - Санкт-Петербург: Изд-во Российской национальной библиотеки, 2015
035 _a(NLR Aleph) 011173625
090 _a77514
_c77514
100 _a20160707d1941 u y0rusy50 ca
101 0 _arus
102 _aRU
116 _ahiycvv xx ad
135 _acrcn 024anaba
200 1 _a[1]. Мы победили в семнадцатом
_bИзоматериал
_a[2]. Мы победим и сейчас!
_e[плакат]
210 _a[Ленинград]
_d1941
215 _a2 л.
_cтушь, гуашь, трафарет
_d88х62
225 1 _a[Окно ТАСС
_iЛенинград]
_v1941
300 _aНа листе 1 слева монограмма художника М.Б. Ваксера и дата: "МВ 41", слева внизу карандашом: "Рис. М. Ваксер". На листе 2 карандашом: "Худ. М. Ваксер"
325 1 _aКопия доступна в электронной библиотеке РНБ
517 1 _aМы победили в семнадцатом. Мы победим и сейчас!
606 1 _aПлакат русский советский
_z1941 - 1945
_yЛенинград, город
_2nlr-sh2
_3RU\NLR\AUTH\661571886
606 1 _aВеликая Отечественная война
_z1941 - 1945
_jПлакаты
_2nlr-sh1
_2nlr-sh2
_3RU\NLR\AUTH\668893
606 1 _aКарикатура русская советская
_jПлакаты
_2nlr-sh1
_2nlr-sh2
_3RU\NLR\AUTH\66448
607 _aАлександровская колонна (Санкт-Петербург, город)
_jПлакаты
_2nlr_sh1
_2nlr_sh2
_3RU\NLR\AUTH\6631167
686 0 _aЩ153(2Р=Рус)7-466
700 1 _aВаксер
_bМ. Б.
_f1916-1942
_gМоисей Борисович
_4040
712 0 2 _aТелеграфное агентство СССР
_bРедакция военно-оборонного плаката "Окна ТАСС"
_3RU\NLR\AUTH\8810071442
_4570
712 0 2 _aТелеграфное агентство СССР
_bЛенинградское областное отделение
_3RU\NLR\AUTH\885717
_4570
852 _aNLR
_bЭ
_jПлИр995/ОКТЛ-41
_mЭ029054, Э029055
856 0 _uhttp://vivaldi.nlr.ru/la000010302/view
856 1 _uhttp://vivaldi.nlr.ru/la000010302/cover
856 2 _uhttp://vivaldi.nlr.ru/la000010302/text
901 _eИзографические материалы
942 _cVISUAL
945 _aРоссийская национальная библиотека
980 _aBV
981 3 7 _a(37) Ленинград в Великой Отечественной войне
981 1 7 _a(17) Изографические материалы
_b(17) Плакаты